000
00329nam a2200145Ia 4500
005
20251222153548.0
008
251222s9999||||xx |||||||||||||| ||spa||
020
_a
9683909647
082
_a
823.3/W48/1993
100
_a
West, Morris
245
0
_a
El Abogado del Diablo
250
_a
1ra.ed.
264
_b
Altaya
942
_c
LIB
999
_c
30721
_d
30721